header

The Fundamental Index (Record no. 152200)

MARC details
000 -LEADER
fixed length control field 01431nam a2200361 a 4500
082 04 - DEWEY DECIMAL CLASSIFICATION NUMBER
Classification number 332.6
100 1# - MAIN ENTRY--AUTHOR NAME
Personal name Arnott, Robert D.
245 14 - TITLE STATEMENT
Title The Fundamental Index
260 ## - PUBLICATION, DISTRIBUTION, ETC. (IMPRINT)
Place of publication Hoboken, N.J. :
Name of publisher John Wiley & Sons,
Year of publication c2008.
300 ## - PHYSICAL DESCRIPTION
Number of Pages xxiii, 310 p. :
Other physical details ill.
650 #0 - SUBJECT ADDED ENTRY--TOPICAL TERM
Topical Term Index mutual funds.
Topical Term Stocks
Topical Term Portfolio management.
700 1# - ADDED ENTRY--PERSONAL NAME
Personal name Hsu, Jason C.,
Personal name West, John M.
856 40 - ELECTRONIC LOCATION AND ACCESS
Uniform Resource Identifier http://site.ebrary.com/lib/rucke/Doc?id=10232894

No items available.

© 2026 Rongo University
Contact us: librarian | system librarian | Rongo university